Questions-réponses sur l'Acadie - Statistiques

Statistiques générales
  • Ce quiz a été pris 42 fois
  • Le résultat moyen est 10 sur 22
Statistiques - réponses
Questions Réponses % Correct
Pays actuel dans lequel se situe l'Acadie historique Le Canada
97%
La seule province de ce pays avec un statut bilingue en raison de sa significative présence d'Acadiens Le Nouveau-Brunswick
71%
Nom sous lequel est désormais connu la province péninsulaire limitrophe de la précédente (question #2) sur laquelle les premiers Acadiens établirent leur première colonie de Port Royal La Nouvelle-Écosse
66%
Actuel État des États-Unis, ancienne colonie française puis temporairement cédée à l'Espagne, que plusieurs milliers d'Acadiens élirent comme terre d'exil après les déportations (en 1764-1765 puis en 1785). La Louisiane
60%
Autre État des États-Unis qui compte environ 5% de locuteurs francophones notamment en raison d'une certaine présence acadienne. Le Maine
54%
Navigateur français qui fonda l'Acadie en 1604-1607 avant de fonder une colonie permanente à Québec en 1608 Samuel de Champlain
54%
Nom de la baie aux fortes marées qui borde cette province et que les Acadiens avaient précédemment nommé Baie française. Baie de Fundy
51%
Samuel Argall est le premier colon anglais à envahir l'Acadie depuis Boston en 1613. Il est également connu pour avoir enlevé une jeune Amérindienne dont l'histoire sera romancée dans deux dessins animés des studio Disney en 1995 et 1998 et dans une chanson de Neil Young en 1979. Comment s'appelait cette Amérindienne ? Pocahontas
51%
Figure légendaire de la déportation acadienne issue de la plume du poète américain Henry Wadsworth Longfellow dans une œuvre publiée en 1847 Évangéline
46%
Nom donné aux déportations systématiques d'Acadiens (environ 8 000 sur 13 000) orchestrées par les Anglais entre 1755 et 1763 vers les colonies qui forment aujourd'hui la côte est des États-Unis d'Amérique pour prendre possession de leurs terres fertiles. Le Grand dérangement
46%
Crustacé et plat traditionnel des Acadiens dans la province évoquée à la question #2 et notamment dans la ville de Shediac Le homard
40%
Nation amérindienne locale rapidement évangélisée et restée une alliée fidèle des Acadiens dans les guerres contre les Anglais Mi’kmaq
40%
Le drapeau acadien est le drapeau républicain français (bleu, blanc, rouge) flanqué d'un symbole faisant référence à la Vierge Marie. Quel est ce symbole ? Une étoile
40%
Île bretonne où 78 familles acadiennes furent réinstallées vers 1765 après la fin des déportations. Belle-Île-en-Mer
34%
Date choisie par les Acadiens pour fête nationale Le 15 août
34%
Province de la France d'Ancien régime d'où sont originaires la majorité des Acadiens historique Le Poitou
34%
Chanteur français interprète de la chanson "Les Acadiens", sortie en 1975 Michel Fugain
31%
Ville du nord de cette même province où une église fut incendiée de façon criminelle en 2017 et ville non loin de laquelle on peut visiter le "village historique acadien". Caraquet
29%
Romancière acadienne qui remporta le prix Goncourt en 1979 pour son roman Pélagie-la-Charrette Antonine Maillet
26%
Fête liturgique également célébrée ce même jour L'Assomption
26%
En 1763, le navigateur Bougainville partit vers des îles de l'Atlantique sud avec à son bord quelques dizaines d'Acadiens. Quelles sont ces îles aujourd'hui revendiquées par deux pays ? Les Malouines
23%
Groupe de musique folk rock anglophone de la période hippie connu pour leur titre The Weight et qui interpréta également la chanson Acadian Driftwood en 1976 The Band
17%
Aucun quiz correspondant
Distribution des résultats
% des personnes avec chaque résultat
Percentile par nombre de réponses
Votre historique - résultats
Vous n’avez pas pris ce quiz